| 000 | 01176nam a22002537a 4500 | ||
|---|---|---|---|
| 999 |
_c3255 _d3255 |
||
| 003 | AR-CdUCM | ||
| 008 | 190306b ||||| |||| 00| 0 spa d | ||
| 040 |
_aMUNICIPALIDAD PROVINCIAL DEL CUSCO _cBIBLIOTECA MUNICIPAL DEL CUSCO |
||
| 041 | _heng | ||
| 082 |
_a338.91 / _bEN61 |
||
| 100 |
_aEnke, Stephen _910868 |
||
| 245 | _aEconómia para el desarrollo / | ||
| 260 |
_aMéxico : _bCentro Regional de Ayuda Técnica, Agencia para el Desarrollo Internacional, _bUTEHA, _c1965. |
||
| 300 |
_aXXII, 752 páginas ; _bilustraciones, diagramas, _c23 cm. |
||
| 440 |
_aBiblioteca UTEHA de Economía. _910869 |
||
| 505 | _aContenido: Política del desarrollo -- Características comunes de los países pobres, 19 -- Diferencias económicas entre los países pobres, 48 -- Ideas sobre desarrollo de los primeros economistas -- Desarrollo a traves de la Ciencia y la Tecnología ... | ||
| 650 |
_aDesarrollo económico y trabajo _99210 |
||
| 650 |
_aAreas subdesarrolladas _96163 |
||
| 650 |
_aPlanificación _96254 |
||
| 700 |
_aMenocal y de Almagro, Mario G. (traducción) _910870 |
||
| 700 |
_aPimentel Rogerio, Ruben (revisión) _910871 |
||
| 942 |
_2ddc _cLIBROS |
||
| 945 | _aachl | ||